Statistics for A-Z famous quotes

Click here to take the quiz!

General Stats

  • This quiz has been taken 69 times
  • The average score is 8 of 26

Answer Stats

LetterQuoteSource% Correct
KI have a dreamMartin Luther King
93%
AFloat like a butterfly, sting like a beeMuhammad Ali
80%
XAmerica preaches integration and practices segregationMalcolm X
63%
GYou cannot shake hands with a clenched fistIndira Gandhi
61%
CI have nothing to offer but blood, toil, tears and sweatWinston Churchill
55%
DI think; therefore I amRené Descartes
52%
JWe hold these truths to be self-evident: that all men are created equalThomas Jefferson
52%
SA single death is a tragedy; a million deaths is a statisticJoseph Stalin
45%
YDo. Or do not. There is no try.Yoda
41%
OAll animals are equal, but some are more equal than othersGeorge Orwell
38%
EI have the body of a weak, feeble woman; but I have the heart and stomach of a kingElizabeth I
30%
VIf God did not exist it would be necessary to invent himVoltaire
30%
LThe world will little note nor long remember what we say here, but it can never forget what they did hereAbraham Lincoln
27%
NIf I have seen further than others it is by standing on the shoulders of giantsIsaac Newton
27%
MI have fought against white domination, and I have fought against black domination.Nelson Mandela
27%
PWise men speak because they have something to say; fools because they have to say somethingPlato
20%
RThe credit belongs to the man who is actually in the arena, whose face is marred by dust and sweat and blood; who strives valiantly;Theodore Roosevelt
18%
UChristians, hasten to help your brothers in the East, for they are being attacked. Arm for the rescue of JerusalemUrban II
16%
FMake me a channel of your peace.Francis of Assisi
9%
WIt's not the men in your life that matters, it's the life in your menMae West
9%
QAll my life, you have told me that the world is a dark, cruel place. But now I see that the only thing dark and cruel about it is people like youQuasimodo
7%
TThe journey of a thousand miles starts with a single stepLao Tzu
5%
ZThe atom bomb is a paper tiger which the United States reactionaries use to scare peopleMao Zedong
5%
HI never realised until lately that women are supposed to be the inferior sexKatharine Hepburn
4%
IWith love and patience, nothing is impossibleDaisaku Ikeda
0%
BThe only thing necessary for the triumph of evil is for good men to do nothingEdmund Burke
0%

Score Distribution

Percentile by Number Answered

Percent of People with Each Score

Your Score History

You have not taken this quiz